Von Arkadien nach Elysium : Schiller-Studien /

Shranjeno v:
Bibliografske podrobnosti
Glavni avtor: Kaiser, Gerhard, 1927-
Format: Knjiga
Jezik:German
Izdano: Göttingen : Vandenhoeck und Ruprecht, 1978.
Teme:
LEADER 00974nam a2200265 i 4500
001 c000336397
003 CARM
005 00000000000000.0
008 790725s1978 gw b 00010 ger
010 |a 79361593 //r972 
015 |a GFR78-A 
019 1 |a 1495322  |5 LACONCORD2021 
020 |a 3525207476 
035 |a (OCoLC)5066353  |5 LACONCORD2021 
050 0 0 |a PT2492  |b .K27 
082 0 0 |a 831/.6 
100 1 |a Kaiser, Gerhard,  |d 1927- 
245 1 0 |a Von Arkadien nach Elysium :  |b Schiller-Studien /  |c Gerhard Kaiser. 
260 |a Göttingen :  |b Vandenhoeck und Ruprecht,  |c 1978. 
300 |a 218 p. ;  |c 24 cm. 
504 |a Includes bibliographical references. 
600 1 0 |a Schiller, Friedrich,  |d 1759-1805  |x Criticism and interpretation. 
852 8 |b CARM  |h A1:AN31G0  |i B09088  |p 0423960  |f BK 
999 f f |i a6e843a6-608e-52cb-84be-79ba34afb90a  |s 4800073a-fd5d-562f-aeb2-75b1c38ba2d5 
952 f f |p Can circulate  |a CAVAL  |b CAVAL  |c CAVAL  |d CARM 1 Store  |e B09088  |f A1:AN31G0  |h Other scheme  |i book  |m 0423960